000 00703nam a2200241 4500
003 OSt
005 20260601171000.0
008 260418b2004\\\\sz\a||||\||||\00|\0\eng\d
020 _a2880467624
040 _aICI
_bspa
_cICI
050 _aTT205
_b L44
100 1 _aChris Lefteri
_931328
245 1 _a Metals :
_bmaterials for inspirational design /
_c Chris Lefteri
264 _bRotoVision
_c2004
_aMies, Switzerland :
300 _a160 páginas
_bilustraciones a color
336 _atexto
_2rdacontent
337 _asin medio
_2rdamedia
338 _avolumen
_2rdacarrier
650 _aMetales
_931329
650 _a Productos metálicos
_931330
650 _aMetalistería
_911911
942 _2ddc
_cB
999 _c20046
_d20046